| 000 | 01140cam a22002895i 4500 | ||
|---|---|---|---|
| 999 |
_c25953 _d25925 |
||
| 003 | EG-ScBUE | ||
| 005 | 20200122104838.0 | ||
| 008 | 180120s1996 ua g 000 0cara d | ||
| 017 | _a96 / 7422 | ||
| 020 | _a9770148628 | ||
| 040 |
_aEG-ScBUE _bara _erda _cEG-ScBUE _dEG-ScBUE |
||
| 082 | 0 | 4 |
_a809 _bم ن د _222 |
| 100 | 1 |
_aمندور، محمد، _d1907-1965، _eمؤلف. |
|
| 245 | 1 | 0 |
_aنماذج بشرية / _cد. محمد مندور ؛ تقديم رجاء النقاش. |
| 264 | 1 |
_aالقاهرة : _bالهيئة المصرية العامة للكتاب : _bجمعية الرعاية المتكاملة، _c1996. |
|
| 300 |
_a247 صفحة ؛ _c20 سم |
||
| 336 |
_aنص _btxt _2rdacontent |
||
| 337 |
_aبدون وسيط _bn _2rdamedia |
||
| 338 |
_aمجلد _bnc _2rdacarrier |
||
| 490 | 0 |
_aمهرجان القراءة للجميع. _aمكتبة الأسرة. _aالأعمال الفكرية |
|
| 650 | 7 |
_aالأدب _xتاريخ ونقد. _2BUEsh _915991 |
|
| 650 | 7 |
_aالأدباء _vتراجم. _2BUEsh |
|
| 651 | _2BUEsh | ||
| 653 |
_bGGEN _bARALIT _cJanuary2018 |
||
| 700 | 1 |
_aنقاش، رجاء، _eمقدم. |
|
| 942 | _2ddc | ||